Índice de desarrollo rural integral y sustentable

Detalles Bibliográficos
Autor principal: Ayala Garay, Alma Velia
Otros Autores: Schwentesius Rindermann, Rita, Mr̀quez Berber, Sergio R.
Formato: eBook
Lenguaje:español
Publicado: Ciudad de Mx̌ico: Cm̀ara de Diputados, 2014
Materias:
Acceso en línea:Acceso restringido

MARC

LEADER 00000nam a22000007a 4500
005 20170822221648.0
007 cr|||| ||||
008 170822s2014 mx |||||s||||f00||0 spa d
020 |a 978-607-9423-35-3 
035 |a 20432 
040 |a vLex 
090 |c 6831  |d 6831 
100 1 |a Ayala Garay, Alma Velia 
245 1 0 |a Índice de desarrollo rural integral y sustentable  |h [Recurso electrn̤ico] /  |c Alma Velia Ayala Garay, Rita Schwentesius Rindermann, Sergio R. Mr̀quez Berber 
256 |a Servicio en ln̕ea 
260 |a Ciudad de Mx̌ico:  |b Cm̀ara de Diputados,  |c 2014 
300 |a 1 recurso electrn̤ico 
506 1 |a Disponible solo en los productos indicados  |d vLex Global  |d vLex Global (Academic Edition, excluding Law Schools)  |d vLex Global (U.S. Academic Edition, Law Schools)  |d vLex Global (U.S. Academic Edition, excluding Law Schools)  |d vLex Global (Academic Edition, Law Schools) 
650 0 4 |a Derecho Mercantil y de la Empresa  |z Mx̌ico 
650 0 4 |a Derecho Pb︢lico y Administrativo  |z Mx̌ico 
700 1 |a Schwentesius Rindermann, Rita 
700 1 |a Mr̀quez Berber, Sergio R. 
740 0 |a vLex Libros (Servicio en ln̕ea) 
856 4 0 |u http://vlex.com/source/indice-de-desarrollo-rural-integral-y-sustentable-20432  |z Acceso restringido 
942 |c BOOK 
999 0 |a Commercial and Company Law 
999 0 |a Public and Administrative Law